<?xml version="1.0" encoding="UTF-8"?><?xml-stylesheet type="text/xsl" href="static/style.xsl"?><OAI-PMH xmlns="http://www.openarchives.org/OAI/2.0/" xmlns:xsi="http://www.w3.org/2001/XMLSchema-instance" xsi:schemaLocation="http://www.openarchives.org/OAI/2.0/ http://www.openarchives.org/OAI/2.0/OAI-PMH.xsd"><responseDate>2026-04-13T13:39:48Z</responseDate><request verb="GetRecord" identifier="oai:www.recercat.cat:2117/442259" metadataPrefix="marc">https://recercat.cat/oai/request</request><GetRecord><record><header><identifier>oai:recercat.cat:2117/442259</identifier><datestamp>2026-01-27T04:29:05Z</datestamp><setSpec>com_2072_1033</setSpec><setSpec>col_2072_452950</setSpec></header><metadata><record xmlns="http://www.loc.gov/MARC21/slim" xmlns:dcterms="http://purl.org/dc/terms/" xmlns:xsi="http://www.w3.org/2001/XMLSchema-instance" xmlns:doc="http://www.lyncode.com/xoai" xsi:schemaLocation="http://www.loc.gov/MARC21/slim http://www.loc.gov/standards/marcxml/schema/MARC21slim.xsd">
   <leader>00925njm 22002777a 4500</leader>
   <datafield ind2=" " ind1=" " tag="042">
      <subfield code="a">dc</subfield>
   </datafield>
   <datafield ind2=" " ind1=" " tag="720">
      <subfield code="a">Dorost, Porochista</subfield>
      <subfield code="e">author</subfield>
   </datafield>
   <datafield ind2=" " ind1=" " tag="720">
      <subfield code="a">Morais, Miguel R. G.</subfield>
      <subfield code="e">author</subfield>
   </datafield>
   <datafield ind2=" " ind1=" " tag="720">
      <subfield code="a">Cunha Guimarães, Sofia</subfield>
      <subfield code="e">author</subfield>
   </datafield>
   <datafield ind2=" " ind1=" " tag="720">
      <subfield code="a">Pêgo, Ana Paula</subfield>
      <subfield code="e">author</subfield>
   </datafield>
   <datafield ind2=" " ind1=" " tag="720">
      <subfield code="a">García Álvarez, Montserrat</subfield>
      <subfield code="e">author</subfield>
   </datafield>
   <datafield ind2=" " ind1=" " tag="720">
      <subfield code="a">Martínez de Ilarduya Sáez de Asteasu, Domingo Antxon</subfield>
      <subfield code="e">author</subfield>
   </datafield>
   <datafield ind2=" " ind1=" " tag="260">
      <subfield code="c">2025-06-22</subfield>
   </datafield>
   <datafield ind2=" " ind1=" " tag="520">
      <subfield code="a">One of the most limiting factors in cancer treatment is the difficulty of delivering anticancer agents effectively to tumor sites. Toovercome this challenge, this research focuses on developing a carrier that has been modified to possess amphiphilic propertieswhile remaining biodegradable and biocompatible. Amphiphilic esters derived from poly(¿-glutamic acid) by modifying thecarboxylate side groups with 4-phenyl-butyl bromide were prepared. These copolymers self-assembled into nanoparticles viananoprecipitation. The cytocompatibility of the nanoparticles was assessed through lactate dehydrogenase release and metabolicactivity of U-87 glioma cells. Fluorescein isothiocyanate labeling demonstrated effective cellular uptake of nanoparticles. Thesenanoparticles were further decorated with polyethylene glycol (PEG) and a PEG-folic acid conjugate (FA-PEG-NH 2 ), their sizesbeing 174 and 156 nm, respectively. Successful grafting was confirmed through 1 H-NMR and FTIR spectroscopy. The nanoparticleswere loaded with doxorubicin, and release studies showed their sensitivity to the pH of the environment, the encapsulateddrug being released faster at pH 4.2 compared to pH 7.4. Encapsulated doxorubicin’s effect on U-87 cells was tested at variousconcentrations and time points, showing significantly better performance compared to free doxorubicin. These results suggestthat those poly(¿-glutamic acid) derivatives hold great promise for improving the delivery of hydrophobic drugs and enhancingcancer treatment.</subfield>
   </datafield>
   <datafield ind2=" " ind1=" " tag="520">
      <subfield code="a">The authors would like to acknowledge the Ministerio de Ciencia, Inno- vación y Universidades of Spain (MCIU/AEI/FEDER, UE) (Project No. RTI2018-095041-B-C33). M.R.G.M. and S.C.G. acknowledge the support of FCT – Portuguese Foundation for Science and Technology for their fellowship (2022.13353. BD) and contract (PTDC/BTM-MAT/4156/2021), respectively. A.P.P. acknowledges the MOBILIsE Project, which has received funding from the European Union’s Horizon 2020 Research and Innovation program (under grant agreement no. 951723). The authors also acknowledge the support of the Bioimaging and Advanced Light Microscopy i3S Scientific Platforms (both part of the PPBI—Portuguese Platform of Bioimaging; PPBI-POCI-01-0145-FEDER-022122).</subfield>
   </datafield>
   <datafield ind2=" " ind1=" " tag="520">
      <subfield code="a">Peer Reviewed</subfield>
   </datafield>
   <datafield ind2=" " ind1=" " tag="520">
      <subfield code="a">Postprint (published version)</subfield>
   </datafield>
   <datafield tag="653" ind2=" " ind1=" ">
      <subfield code="a">Àrees temàtiques de la UPC::Enginyeria química</subfield>
   </datafield>
   <datafield tag="653" ind2=" " ind1=" ">
      <subfield code="a">Biocompatible polymers</subfield>
   </datafield>
   <datafield tag="653" ind2=" " ind1=" ">
      <subfield code="a">Drug delivery nanoparticles</subfield>
   </datafield>
   <datafield tag="653" ind2=" " ind1=" ">
      <subfield code="a">Hydrophobic modification</subfield>
   </datafield>
   <datafield tag="653" ind2=" " ind1=" ">
      <subfield code="a">Poly(¿-glutamic acid)</subfield>
   </datafield>
   <datafield tag="653" ind2=" " ind1=" ">
      <subfield code="a">U-87 glioblastoma cells</subfield>
   </datafield>
   <datafield ind2="0" ind1="0" tag="245">
      <subfield code="a">Amphiphilic poly(gamma-glutamic acid) derivatives for delivering doxorubicin in cancer cells</subfield>
   </datafield>
</record></metadata></record></GetRecord></OAI-PMH>